| 000 | 00490nam a2200193Ia 4500 | ||
|---|---|---|---|
| 005 | 20250603145154.0 | ||
| 008 | 250603s9999 xx 000 0 und d | ||
| 020 | _a9780132883832 | ||
| 050 | _aTA 157 .P66/ | ||
| 100 | _aPond, Robert J. | ||
| 245 | 0 | _aIntroduction to engineering technology | |
| 250 | _a7th. ed. | ||
| 260 | _aUpper Saddle River, N.J. | ||
| 260 | _bPearson Prentice Hall | ||
| 260 | _c2011 | ||
| 300 | _a389 p | ||
| 650 | _aUpper Saddle River, N.J. | ||
| 942 | _cBK | ||
| 999 |
_c41088 _d41088 |
||